| 000 | 01503nam a22002417a 4500 | ||
|---|---|---|---|
| 001 | 9714 | ||
| 003 | FISKH | ||
| 005 | 20260130103701.0 | ||
| 008 | 260130b cb ||||| |||| 00| 0 eng d | ||
| 020 | _a9781471407369 | ||
| 040 |
_aFISKH _beng _cFISKH _dFISKH |
||
| 050 | _aPZ7 .B52878 | ||
| 082 | _a813.6 | ||
| 100 | _aBlack, Holly | ||
| 245 |
_aThe wicked king / _cHolly Black |
||
| 260 |
_aLondon : _bHot Key Books, _c2019 |
||
| 300 |
_a322 pages : _billustrations ; _c20 cm |
||
| 490 |
_aThe Folk of the Air : _vBook Two |
||
| 520 | _aYou must be strong enough to strike and strike and strike again without tiring. The first lesson is to make yourself strong. After the jaw-dropping revelation that Oak is the heir to Faerie, Jude must keep her younger brother safe. To do so, she has bound the wicked king, Cardan, to her, and made herself the power behind the throne. Navigating the constantly shifting political alliances of Faerie would be difficult enough if Cardan were easy to control. But he does everything in his power to humiliate and undermine her even as his fascination with her remains undiminished. When it becomes all too clear that someone close to Jude means to betray her, threatening her own life and the lives of everyone she loves, Jude must uncover the traitor and fight her own complicated feelings for Cardan to maintain control as a mortal in a Faerie world. | ||
| 650 |
_aFantasy _vFiction _xYoung Adult Fantasy |
||
| 942 |
_2ddc _cBK _n0 |
||
| 999 |
_c9714 _d9714 |
||